Global food futures : (Record no. 177116)

MARC details
000 -LEADER
fixed length control field 01000cam a2200301 i 4500
001 - CONTROL NUMBER
control field vtls003256052
003 - CONTROL NUMBER IDENTIFIER
control field MY-SjTCS
005 - DATE AND TIME OF LATEST TRANSACTION
control field 20200226121129.0
008 - FIXED-LENGTH DATA ELEMENTS--GENERAL INFORMATION
fixed length control field 140618t20132013enka b 001 0 eng d
020 ## - INTERNATIONAL STANDARD BOOK NUMBER
International Standard Book Number 9780857851543 (hardback)
020 ## - INTERNATIONAL STANDARD BOOK NUMBER
International Standard Book Number 9780857851550 (paperback)
039 #9 - LEVEL OF BIBLIOGRAPHIC CONTROL AND CODING DETAIL [OBSOLETE]
Level of rules in bibliographic description 201801021055
Level of effort used to assign nonsubject heading access points VLOAD
Level of effort used to assign subject headings 201412051816
Level of effort used to assign classification shuhada
Level of effort used to assign subject headings 201411271415
Level of effort used to assign classification aishah_siti
-- 201406181141
-- malathy
040 ## - CATALOGING SOURCE
Description conventions rda
082 04 - DEWEY DECIMAL CLASSIFICATION NUMBER
Classification number 338.19
Item number GAR 2013
100 1# - MAIN ENTRY--PERSONAL NAME
Personal name Gardner, Brian,
Dates associated with a name 1938-
9 (RLIN) 72292
245 10 - TITLE STATEMENT
Title Global food futures :
Remainder of title feeding the world in 2050 /
Statement of responsibility, etc. Brian Gardner.
264 #1 - PRODUCTION, PUBLICATION, DISTRIBUTION, MANUFACTURE, AND COPYRIGHT NOTICE
Place of production, publication, distribution, manufacture London ;
-- New York :
Name of producer, publisher, distributor, manufacturer Bloomsbury,
Date of production, publication, distribution, manufacture, or copyright notice [2013]
264 #4 - PRODUCTION, PUBLICATION, DISTRIBUTION, MANUFACTURE, AND COPYRIGHT NOTICE
Date of production, publication, distribution, manufacture, or copyright notice ©2013
300 ## - PHYSICAL DESCRIPTION
Extent xi, 242 pages :
Other physical details illustrations ;
Dimensions 26 cm
336 ## - CONTENT TYPE
Content type term text
Source rdacontent
337 ## - MEDIA TYPE
Media type term unmediated
Source rdamedia
338 ## - CARRIER TYPE
Carrier type term volume
Source rdacarrier
504 ## - BIBLIOGRAPHY, ETC. NOTE
Bibliography, etc. note Includes bibliographical references and index.
650 #0 - SUBJECT ADDED ENTRY--TOPICAL TERM
Topical term or geographic name entry element Food supply.
650 #0 - SUBJECT ADDED ENTRY--TOPICAL TERM
Topical term or geographic name entry element Food security.
9 (RLIN) 47021
650 #0 - SUBJECT ADDED ENTRY--TOPICAL TERM
Topical term or geographic name entry element Famines
General subdivision Prevention.
920 ## - Programme
Programme CALSH : 211614
Holdings
Withdrawn status Lost status Source of classification or shelving scheme Damaged status Not for loan Home library Current library Date acquired Total Checkouts Barcode Date last seen Date last checked out Copy number Uniform Resource Identifier Koha item type Public note
    Dewey Decimal Classification     Taylor's Library-TC Taylor's Library-TC 21/11/2014 1 5000160978 12/12/2019 13/10/2015 1 Floor 4, Shelf 38 , Side 2, TierNo 6, BayNo 1 Main Collection CALSH,25000,03,CL